| 000 | 01288nab a22002537a 4500 | ||
|---|---|---|---|
| 999 |
_c5368 _d5368 |
||
| 003 | OSt | ||
| 005 | 20250225235711.0 | ||
| 008 | 190603e xxum|||| |||| 00| 0 spa d | ||
| 040 | _cPJ-TDF | ||
| 100 |
_95765 _aOjeda, María Verónica |
||
| 245 | 1 | 3 |
_aEl principio de inseparabilidad de los hermanos en los casos de adopción / _cMaría Verónica Ojeda, Bettina Pancino. |
| 260 |
_cCiudad Autónoma de Buenos Aires : _aThomson Reuters La Ley, _b2024. |
||
| 300 | _ap. 149-152 | ||
| 500 | _aCita: TR LALEY AR/DOC/2345/2024. | ||
| 505 | _a Sumario: I. Excepciones. El interés superior de los hermanos.— II. Protección jurídica de la conservación de los vínculos entre hermanos: ¿de dónde proviene?— III. Sentencias que han decidido este tema.— IV. Conclusión. | ||
| 505 | _t¿Te interesa el texto completo? Solicitalo al correo: koha@justierradelfuego.gov.ar | ||
| 650 | 0 |
_92741 _aDERECHOS DE LAS NIÑAS, NIÑOS Y ADOLESCENTES |
|
| 650 | 0 |
_92345 _aDERECHO A LA IDENTIDAD |
|
| 650 | 0 |
_9974 _aADOPCIÓN |
|
| 650 | 0 |
_94097 _aINTERES SUPERIOR DEL NIÑO |
|
| 700 |
_95825 _aPancino, Bettina _ecoautora |
||
| 773 | 0 |
_02713 _93170 _dCiudad Autónoma de Buenos Aires : Thomson Reuters La Ley, 2015- _tRevista Código Civil y Comercial. Nº 6 - Diciembre 2024 |
|
| 942 |
_2udc _cANA |
||